02青森県の市町村(選択形式) - Statistics

General Stats
  • This quiz has been taken 23 times
  • The average score is 26 of 40
Answers on the Map
Answers color-coded by a green-red scale on the quiz's map according to % correct below.
 
Answer Stats
Answer % Correct
01:青森市
94%
08:むつ市
94%
16:深浦町
83%
24:野辺地町
83%
39:階上町
83%
03:八戸市
78%
07:三沢市
78%
27:横浜町
78%
31:大間町
78%
02:弘前市
72%
04:黒石市
72%
05:五所川原市
72%
06:十和田市
72%
12:今別町
72%
19:大鰐町
72%
37:田子町
72%
11:平内町
67%
14:外ヶ浜町
67%
15:鰺ヶ沢町
67%
23:中泊町
67%
29:六ヶ所村
67%
30:おいらせ町
67%
32:東通村
67%
35:三戸町
67%
10:平川市
61%
25:七戸町
61%
33:風間浦村
61%
40:新郷村
61%
13:蓬田村
56%
17:西目屋村
56%
20:田舎館村
56%
28:東北町
56%
38:南部町
56%
09:つがる市
50%
18:藤崎町
50%
34:佐井村
50%
36:五戸町
50%
21:板柳町
44%
22:鶴田町
44%
26:六戸町
44%
No matching quizzes found
Score Distribution
Percent of People with Each Score
Percentile by Number Answered
Your Score History
You have not taken this quiz